[Event "Natal Potiguar A1"]
[Site "Natal"]
[Date "2018.04.14"]
[Round "3"]
[White "Jordao Barbosa, Marcio Ferre"]
[Black "Pinheiro, Davi Sales"]
[Result "1/2-1/2"]
[WhiteElo "2067"]
[BlackElo "1933"]
[PlyCount "94"]
[EventDate "2018.04.13"]
[EventType "tourn"]
[EventRounds "9"]
[EventCountry "BRA"]
[SourceTitle "EXT 2019"]
[Source "ChessBase"]
[SourceDate "2018.10.10"]
[SourceVersion "1"]
[SourceVersionDate "2018.10.10"]
[SourceQuality "1"]

1. e4 c5 2. d4 cxd4 3. c3 Qa5 4. Nf3 e5 5. Bc4 dxc3 6. Nxc3 Bb4 7. Qb3 Bxc3+ 8. bxc3 Nf6 9. Bxf7+ Kd8 10. 0-0 Kc7 11. Ba3 d6 12. Rfd1 Rd8 13. Rab1 Na6 14. Be6 b6 15. Bxc8 Raxc8 16. Qf7+ Rd7 17. Bxd6+ Kb7 18. Qe6 Re8 19. Qb3 Nxe4 20. Bb4 Qb5 21. Rxd7+ Qxd7 22. Rd1 Qe6 23. Re1 Qxb3 24. axb3 Nec5 25. Bxc5 Nxc5 26. b4 Nd3 27. Re3 Rd8 28. g3 a5 29. Nxe5 Nxe5 30. Rxe5 a4 31. b5 Rc8 32. Re7+ Rc7 33. Re4 a3 34. Ra4 Rxc3 35. Kg2 h5 36. h4 g6 37. Ra6 Rb3 38. Kh3 Rxb5 39. Rxa3 Rc5 40. f3 b5 41. g4 hxg4+ 42. fxg4 b4 43. Ra1 b3 44. Kg3 Kc6 45. Rb1 Rb5 46. h5 gxh5 47. gxh5 Rxh5 1/2-1/2

[Event "Natal Potiguar A1"]
[Site "Natal"]
[Date "2018.04.14"]
[Round "2"]
[White "Pinheiro, Davi Sales"]
[Black "Nunes, Marcelo Basilio"]
[Result "0-1"]
[WhiteElo "1933"]
[BlackElo "1950"]
[PlyCount "79"]
[EventDate "2018.04.13"]
[EventType "tourn"]
[EventRounds "9"]
[EventCountry "BRA"]
[SourceTitle "EXT 2019"]
[Source "ChessBase"]
[SourceDate "2018.10.10"]
[SourceVersion "1"]
[SourceVersionDate "2018.10.10"]
[SourceQuality "1"]

1. d4 c5 2. d5 e5 3. c4 d6 4. Nc3 Nf6 5. Nf3 Be7 6. g3 Nbd7 7. Bg2 a6 8. 0-0 0-0 9. Ne1 Rb8 10. a4 b6 11. Nd3 Bb7 12. f4 exf4 13. gxf4 Qc7 14. e4 Rbe8 15. Be3 Bc8 16. Qf3 Bd8 17. Rae1 Kh8 18. Bf2 g6 19. e5 Nh5 20. Re2 dxe5 21. fxe5 Nxe5 22. Nxe5 Rxe5 23. Rfe1 Rf5 24. Qe4 Nf4 25. Rd2 Nxg2 26. Kxg2 Rf4 27. Qd3 Bf5 28. Qe2 Qd6 29. Bg3 Bc7 30. Rf1 g5 31. Bxf4 gxf4 32. Kh1 Qd7 33. Rg1 Re8 34. Qg2 Bg6 35. Re2 Be5 36. Ne4 Bd4 37. Rf1 Qf5 38. Ng3 Rxe2 39. Nxe2 f3 40. Rxf3 0-1

[Event "Natal Academia Potiguar 16th"]
[Site "Natal"]
[Date "2015.11.22"]
[Round "8.4"]
[White "Rocha, Vitor Firmo de Souz"]
[Black "Pinheiro, Davi Sales"]
[Result "1-0"]
[WhiteElo "2132"]
[BlackElo "1955"]
[PlyCount "53"]
[EventDate "2015.11.13"]
[EventType "tourn"]
[EventRounds "9"]
[EventCountry "BRA"]
[SourceTitle "EXT 2022"]
[Source "ChessBase"]
[SourceDate "2021.10.06"]
[SourceVersion "1"]
[SourceVersionDate "2021.10.06"]
[SourceQuality "1"]

1. e4 c5 2. Nf3 d6 3. d4 cxd4 4. Nxd4 Nf6 5. Nc3 a6 6. Bg5 e6 7. f4 Be7 8. Qf3 Nbd7 9. 0-0-0 Qc7 10. g4 b5 11. Bxf6 Bxf6 12. Bxb5 axb5 13. Ndxb5 Qb8 14. Nxd6+ Kf8 15. e5 Be7 16. Nxc8 Nxe5 17. fxe5 Qxc8 18. Rhf1 Qe8 19. Nb5 Rxa2 20. Kb1 Rxb2+ 21. Kxb2 Qxb5+ 22. Qb3 Qxe5+ 23. Kb1 Bf6 24. Qa3+ Ke8 25. Qa8+ Ke7 26. Qb7+ Kf8 27. Qc8+ 1-0

[Event "Potiguar-ch sf"]
[Site "Natal"]
[Date "2015.09.06"]
[Round "4.8"]
[White "Goncalves Costa, Douglas Jose"]
[Black "Pinheiro, Davi Sales"]
[Result "0-1"]
[WhiteElo "1719"]
[BlackElo "1961"]
[PlyCount "144"]
[EventDate "2015.09.04"]
[EventType "swiss"]
[EventRounds "7"]
[EventCountry "BRA"]
[SourceTitle "EXT 2022"]
[Source "ChessBase"]
[SourceDate "2021.10.06"]
[SourceVersion "1"]
[SourceVersionDate "2021.10.06"]
[SourceQuality "1"]

1. e4 Nf6 2. e5 Nd5 3. d4 d6 4. Nf3 dxe5 5. Nxe5 c6 6. Bd3 Nd7 7. Nf3 e6 8. 0-0 Be7 9. c3 0-0 10. Re1 c5 11. Nbd2 b6 12. Ne4 Bb7 13. Qe2 Qc7 14. a3 Nf4 15. Bxf4 Qxf4 16. dxc5 bxc5 17. Rad1 Rfd8 18. Ba6 Bd5 19. c4 Bxe4 20. Qxe4 Qxe4 21. Rxe4 Nb6 22. Ree1 Bf6 23. b4 cxb4 24. axb4 Bc3 25. Rxd8+ Rxd8 26. Rc1 Bxb4 27. c5 Nd5 28. c6 Nc7 29. Bb7 Kf8 30. Kf1 Ke7 31. Ne5 Rd5 32. Nd7 a5 33. Nb8 Kd6 34. Na6 Bc5 35. Nxc7 Kxc7 36. Ke2 a4 37. Rc2 a3 38. Ba6 Kxc6 39. Bc4 Re5+ 40. Kd3 Rf5 41. f3 Re5 42. Re2 Rh5 43. h3 Bd6 44. Rc2 Kb6 45. Ba2 Rb5 46. Bc4 Rc5 47. Bb3 Rxc2 48. Kxc2 Kc5 49. Kd3 Bg3 50. Kc3 h5 51. Kd3 h4 52. Kc3 Be1+ 53. Kd3 Bf2 54. Kc3 Kd6 55. Kd3 Ke5 56. Ke2 Bc5 57. Kd3 f5 58. Ba2 Kf4 59. Ke2 e5 60. Bd5 Kg3 61. Kf1 g5 62. Be6 e4 63. fxe4 fxe4 64. Bc4 g4 65. hxg4 Kxg4 66. Ke2 Kg3 67. Kf1 e3 68. Bd5 Kf4 69. Ke2 Ke5 70. Bf7 Kd4 71. Ba2 Kc3 72. Be6 Kb2 0-1

[Event "Potiguar-ch sf"]
[Site "Natal"]
[Date "2015.09.05"]
[Round "2.10"]
[White "Sallaberry, Ana Paula Nogueira"]
[Black "Pinheiro, Davi Sales"]
[Result "0-1"]
[WhiteElo "1617"]
[BlackElo "1961"]
[PlyCount "48"]
[EventDate "2015.09.04"]
[EventType "swiss"]
[EventRounds "7"]
[EventCountry "BRA"]
[SourceTitle "EXT 2022"]
[Source "ChessBase"]
[SourceDate "2021.10.06"]
[SourceVersion "1"]
[SourceVersionDate "2021.10.06"]
[SourceQuality "1"]

1. e4 Nf6 2. Nc3 d5 3. Nxd5 Nxd5 4. exd5 Qxd5 5. Nf3 Nc6 6. d4 Bg4 7. c3 Qe4+ 8. Be3 f5 9. Bd3 Bxf3 10. Bxe4 Bxd1 11. Bxc6+ bxc6 12. Rxd1 e6 13. 0-0 Bd6 14. Rfe1 f4 15. Bc1 Kf7 16. Re4 g5 17. c4 Rad8 18. d5 cxd5 19. cxd5 exd5 20. Rxd5 Bb4 21. Red4 Rhe8 22. Rd7+ Kf6 23. h3 Rxd7 24. Rxd7 Re1+ 0-1

[Event "Joao Pessoa AXCV op 5th"]
[Site "Joao Pessoa"]
[Date "2015.07.25"]
[Round "3"]
[White "Bouwman, Marcelo Wanderley"]
[Black "Pinheiro, Davi Sales"]
[Result "1-0"]
[WhiteElo "2228"]
[BlackElo "1999"]
[PlyCount "51"]
[EventDate "2015.07.24"]
[EventType "swiss"]
[EventRounds "5"]
[EventCountry "BRA"]
[SourceTitle "EXT 2016"]
[Source "ChessBase"]
[SourceDate "2015.10.08"]
[SourceVersion "1"]
[SourceVersionDate "2015.10.08"]
[SourceQuality "1"]

1. f4 d5 2. Nf3 g6 3. e3 Bg7 4. Be2 e6 5. 0-0 Ne7 6. d3 0-0 7. Qe1 c5 8. e4 Nbc6 9. Kh1 b6 10. c3 Ba6 11. e5 d4 12. c4 Bb7 13. Ng5 Qc7 14. Bf3 Rad8 15. Ne4 Nb4 16. Qe2 Nf5 17. a3 Nc6 18. b4 cxb4 19. axb4 a5 20. bxa5 Nxa5 21. Na3 Nb3 22. Nb5 Nxc1 23. Rfxc1 Qe7 24. Ra7 Ra8 25. Rxb7 Qxb7 26. Nf6+ 1-0

[Event "Natal Potiguar op 10th"]
[Site "Natal"]
[Date "2015.07.05"]
[Round "6"]
[White "Da Silva, Antonio Dutra"]
[Black "Pinheiro, Davi Sales"]
[Result "0-1"]
[WhiteElo "1768"]
[BlackElo "1999"]
[PlyCount "50"]
[EventDate "2015.07.03"]
[EventType "swiss"]
[EventRounds "6"]
[EventCountry "BRA"]
[SourceTitle "CBM 167 Extra"]
[Source "ChessBase"]
[SourceDate "2015.09.14"]
[SourceVersion "1"]
[SourceVersionDate "2015.09.14"]
[SourceQuality "1"]

1. b3 Nf6 2. Bb2 d5 3. e3 Bf5 4. Nf3 e6 5. Nc3 Be7 6. g3 0-0 7. Bg2 c5 8. 0-0 Nc6 9. a3 Rc8 10. Nh4 Bg4 11. f3 Bh5 12. Bh1 d4 13. Ne2 Nd5 14. Ng2 e5 15. e4 Nc7 16. d3 b5 17. Qd2 c4 18. bxc4 bxc4 19. dxc4 Ne6 20. Ne1 Na5 21. g4 Nxc4 22. Qc1 Bg5 23. Qb1 Be3+ 24. Kg2 Nd2 25. Qd1 Nxf1 0-1

[Event "Natal Potiguar op 10th"]
[Site "Natal"]
[Date "2015.07.05"]
[Round "5"]
[White "Pinheiro, Davi Sales"]
[Black "De Macedo, Luiz Soares"]
[Result "1-0"]
[WhiteElo "1999"]
[BlackElo "1605"]
[PlyCount "25"]
[EventDate "2015.07.03"]
[EventType "swiss"]
[EventRounds "6"]
[EventCountry "BRA"]
[SourceTitle "CBM 167 Extra"]
[Source "ChessBase"]
[SourceDate "2015.09.14"]
[SourceVersion "1"]
[SourceVersionDate "2015.09.14"]
[SourceQuality "1"]

1. d4 d5 2. c4 Nf6 3. cxd5 Nxd5 4. e4 Nb6 5. Nc3 e6 6. Nf3 Be7 7. Bd3 Nc6 8. Be3 a6 9. 0-0 f6 10. a3 Bd7 11. Qc2 Bd6 12. Rad1 Ne7 13. e5 1-0

[Event "Natal Potiguar op 10th"]
[Site "Natal"]
[Date "2015.07.04"]
[Round "4"]
[White "Silva, Carolina Alves"]
[Black "Pinheiro, Davi Sales"]
[Result "1-0"]
[WhiteElo "1815"]
[BlackElo "1999"]
[PlyCount "29"]
[EventDate "2015.07.03"]
[EventType "swiss"]
[EventRounds "6"]
[EventCountry "BRA"]
[SourceTitle "CBM 167 Extra"]
[Source "ChessBase"]
[SourceDate "2015.09.14"]
[SourceVersion "1"]
[SourceVersionDate "2015.09.14"]
[SourceQuality "1"]

1. e4 e6 2. d4 d5 3. exd5 exd5 4. Nf3 Bd6 5. Nc3 Ne7 6. Bd3 c6 7. 0-0 0-0 8. Re1 h6 9. Ne2 Qc7 10. Ng3 Bg4 11. h3 Be6 12. Ne5 Nd7 13. Qh5 g6 14. Qxh6 Nxe5 15. Nh5 1-0

[Event "Natal Potiguar op 10th"]
[Site "Natal"]
[Date "2015.07.03"]
[Round "1"]
[White "Da Silva Miguel, Lucas Ramonn"]
[Black "Pinheiro, Davi Sales"]
[Result "0-1"]
[WhiteElo "1350"]
[BlackElo "1999"]
[PlyCount "92"]
[EventDate "2015.07.03"]
[EventType "swiss"]
[EventRounds "6"]
[EventCountry "BRA"]
[SourceTitle "CBM 167 Extra"]
[Source "ChessBase"]
[SourceDate "2015.09.14"]
[SourceVersion "1"]
[SourceVersionDate "2015.09.14"]
[SourceQuality "1"]

1. c4 Nf6 2. g3 e6 3. Bg2 d5 4. cxd5 exd5 5. e3 Bd6 6. Ne2 0-0 7. Nbc3 c6 8. Qc2 Re8 9. 0-0 Bg4 10. d4 Nbd7 11. h3 Bh5 12. b3 Bg6 13. Qd2 Ne4 14. Nxe4 Bxe4 15. f3 Bf5 16. h4 a5 17. a3 a4 18. b4 Nb6 19. Kf2 Nc4 20. Qc3 b5 21. Rh1 h5 22. Bd2 Ra7 23. Rhe1 Rae7 24. Nf4 g6 25. Bf1 Bxf4 26. gxf4 Nxd2 27. Qxd2 Re6 28. Bd3 Qf6 29. Qe2 Rxe3 30. Qxe3 Rxe3 31. Rxe3 Qxd4 32. Bxf5 Qd2+ 33. Re2 Qd4+ 34. Kg3 gxf5 35. Re8+ Kg7 36. Rc1 Qb2 37. Rxc6 Qxa3 38. Re5 Qxb4 39. Rxf5 a3 40. Rxh5 Qe1+ 41. Kg4 Qg1+ 42. Kf5 Qb1+ 43. Kg5 a2 44. Rch6 a1Q 45. f5 Qg1+ 46. Kf4 Qad4# 0-1

[Event "Natal Academia Potiguar 8th"]
[Site "Natal"]
[Date "2015.06.07"]
[Round "5.2"]
[White "Rocha, Vitor Firmo de Souz"]
[Black "Pinheiro, Davi Sales"]
[Result "1-0"]
[WhiteElo "2089"]
[BlackElo "1999"]
[PlyCount "33"]
[EventDate "2015.06.05"]
[EventType "swiss"]
[EventRounds "5"]
[EventCountry "BRA"]
[SourceTitle "EXT 2022"]
[Source "ChessBase"]
[SourceDate "2021.10.06"]
[SourceVersion "1"]
[SourceVersionDate "2021.10.06"]
[SourceQuality "1"]

1. e4 c5 2. b3 Nf6 3. e5 Nd5 4. Bb2 d6 5. exd6 exd6 6. Nc3 Be6 7. Qf3 Nb4 8. 0-0-0 Be7 9. Nh3 Qd7 10. a3 N4c6 11. Qg3 Bf6 12. Bd3 0-0 13. Ne4 Bxb2+ 14. Kxb2 Ne5 15. Nf6+ Kh8 16. Nxd7 Nexd7 17. Ng5 1-0

[Event "Natal Academia Potiguar 8th"]
[Site "Natal"]
[Date "2015.06.05"]
[Round "1.5"]
[White "Pinheiro, Davi Sales"]
[Black "Melo, Guilherme Gama do N"]
[Result "1-0"]
[WhiteElo "1999"]
[BlackElo "1553"]
[PlyCount "79"]
[EventDate "2015.06.05"]
[EventType "swiss"]
[EventRounds "5"]
[EventCountry "BRA"]
[SourceTitle "EXT 2022"]
[Source "ChessBase"]
[SourceDate "2021.10.06"]
[SourceVersion "1"]
[SourceVersionDate "2021.10.06"]
[SourceQuality "1"]

1. d4 Nf6 2. c4 e6 3. Nc3 Bb4 4. Qc2 Bxc3+ 5. Qxc3 Ne4 6. Qc2 f5 7. Nf3 b6 8. e3 Bb7 9. Be2 0-0 10. 0-0 d6 11. b3 Ng5 12. d5 Nxf3+ 13. Bxf3 e5 14. g3 Qg5 15. e4 f4 16. Kh1 Bc8 17. Rg1 Bg4 18. Qe2 Bxf3+ 19. Qxf3 fxg3 20. Qxf8+ Kxf8 21. Bxg5 gxf2 22. Rgf1 Ke8 23. Rxf2 Nd7 24. Raf1 h6 25. Bh4 g5 26. Bg3 Rc8 27. Rf7 c6 28. Rh7 Nf8 29. Rxf8+ Kxf8 30. Rh8+ Ke7 31. Rxc8 cxd5 32. cxd5 Kd7 33. Rh8 b5 34. b4 Kc7 35. Kg2 Kb6 36. Kf3 a5 37. a3 Ka6 38. Rxh6 axb4 39. axb4 Kb6 40. Bxe5 1-0

[Event "Rio Grande do Norte zt CBX"]
[Site "Natal"]
[Date "2015.03.28"]
[Round "3.1"]
[White "Macedo, Maximo Valerio"]
[Black "Pinheiro, Davi Sales"]
[Result "1-0"]
[WhiteElo "2105"]
[BlackElo "2008"]
[PlyCount "77"]
[EventDate "2015.03.27"]
[EventType "swiss"]
[EventRounds "5"]
[EventCountry "BRA"]
[SourceTitle "EXT 2022"]
[Source "ChessBase"]
[SourceDate "2021.10.06"]
[SourceVersion "1"]
[SourceVersionDate "2021.10.06"]
[SourceQuality "1"]

1. Nf3 d5 2. g3 Nf6 3. Bg2 c6 4. d3 e6 5. Nbd2 Nbd7 6. e4 Bc5 7. 0-0 0-0 8. e5 Ne8 9. Re1 Qb6 10. Qe2 f6 11. exf6 Ndxf6 12. Nb3 Bd6 13. d4 a5 14. c3 Ne4 15. Nbd2 N8f6 16. Nxe4 Nxe4 17. Be3 h6 18. Ne5 Nf6 19. Ng6 Re8 20. Bf4 Qc7 21. Bxd6 Qxd6 22. Ne5 b6 23. Qc2 Ba6 24. Qg6 Rf8 25. Ng4 Nxg4 26. Qxg4 Rae8 27. Re5 Bd3 28. Rae1 Bf5 29. Qe2 Rf6 30. f4 Bg6 31. Bh3 Be4 32. f5 c5 33. Rxe6 Rfxe6 34. fxe6 cxd4 35. cxd4 Qb4 36. Rd1 Kf8 37. Qd2 Qa4 38. b3 Qb5 39. Rf1+ 1-0

[Event "Rio Grande do Norte zt CBX"]
[Site "Natal"]
[Date "2015.03.27"]
[Round "1.7"]
[White "Pinheiro, Davi Sales"]
[Black "Batista, Francisco Klemberg"]
[Result "1-0"]
[WhiteElo "2008"]
[BlackElo "1746"]
[PlyCount "55"]
[EventDate "2015.03.27"]
[EventType "swiss"]
[EventRounds "5"]
[EventCountry "BRA"]
[SourceTitle "EXT 2022"]
[Source "ChessBase"]
[SourceDate "2021.10.06"]
[SourceVersion "1"]
[SourceVersionDate "2021.10.06"]
[SourceQuality "1"]

1. d4 Nf6 2. c4 c5 3. d5 e6 4. Nc3 exd5 5. cxd5 d6 6. Nf3 g6 7. Nd2 Na6 8. e4 Nc7 9. a4 b6 10. Bd3 Bg7 11. 0-0 0-0 12. h3 Re8 13. f4 Rb8 14. Re1 Qe7 15. Nf3 Qd7 16. e5 dxe5 17. d6 exf4 18. dxc7 Qxc7 19. Rxe8+ Nxe8 20. Nd5 Qd8 21. Bxf4 Rb7 22. Qe2 Rd7 23. Bc4 h6 24. Re1 Kf8 25. Bb5 Bb7 26. Bxd7 Qxd7 27. Qxe8+ Qxe8 28. Bd6+ 1-0

[Event "Recife Regiao op"]
[Site "Recife"]
[Date "2014.11.02"]
[Round "7"]
[White "Pinheiro, Davi Sales"]
[Black "Leite, Joao Carlos Zirpoli"]
[Result "1-0"]
[WhiteElo "2022"]
[BlackElo "1701"]
[PlyCount "57"]
[EventDate "2014.10.30"]
[EventType "swiss"]
[EventRounds "7"]
[EventCountry "BRA"]
[SourceTitle "EXT 2015"]
[Source "ChessBase"]
[SourceDate "2014.11.20"]
[SourceVersion "1"]
[SourceVersionDate "2014.11.20"]
[SourceQuality "1"]

1. d4 Nf6 2. c4 g6 3. Nc3 Bg7 4. Nf3 0-0 5. Bf4 d6 6. e3 Nbd7 7. Be2 a6 8. 0-0 Qe8 9. Nd5 Nxd5 10. cxd5 c5 11. dxc5 Nxc5 12. b4 Ne4 13. Rc1 Nc3 14. Qd2 Ne4 15. Qc2 Nc3 16. Bc4 b5 17. Bb3 Bf5 18. Qd2 Ne4 19. Qe1 e5 20. dxe6 fxe6 21. Nd2 Qd7 22. f3 Nxd2 23. Qxd2 d5 24. e4 Qa7+ 25. Be3 d4 26. Bf2 Bxe4 27. Bxe6+ Kh8 28. fxe4 Rxf2 29. Qxf2 1-0

[Event "Recife Regiao op"]
[Site "Recife"]
[Date "2014.11.01"]
[Round "6"]
[White "Lima, Luiz Alexandre de S"]
[Black "Pinheiro, Davi Sales"]
[Result "1-0"]
[WhiteElo "1930"]
[BlackElo "2022"]
[PlyCount "69"]
[EventDate "2014.10.30"]
[EventType "swiss"]
[EventRounds "7"]
[EventCountry "BRA"]
[SourceTitle "EXT 2015"]
[Source "ChessBase"]
[SourceDate "2014.11.20"]
[SourceVersion "1"]
[SourceVersionDate "2014.11.20"]
[SourceQuality "1"]

1. e4 c5 2. Nf3 d6 3. d4 cxd4 4. Nxd4 Nf6 5. Nc3 a6 6. Bc4 e6 7. Be3 Qc7 8. Qe2 b5 9. Bxb5+ axb5 10. Ndxb5 Qd8 11. 0-0 Ba6 12. a4 Be7 13. f3 0-0 14. Qf2 Nbd7 15. Rfd1 Ne8 16. f4 Qa5 17. Rab1 Bxb5 18. axb5 Rc8 19. Ra1 Qb4 20. Rdb1 Nc5 21. Bxc5 Qxc5 22. Qxc5 Rxc5 23. b6 Nf6 24. Ra7 Bd8 25. Rb7 Rc6 26. Na4 Nxe4 27. b4 Rxc2 28. Ra7 Bf6 29. h3 Bd4+ 30. Kh2 Rb8 31. Rc7 Ra2 32. b7 Kf8 33. Rc8+ Ke7 34. Rxb8 Rxa4 35. Re8+ 1-0

[Event "Recife Regiao op"]
[Site "Recife"]
[Date "2014.10.30"]
[Round "2"]
[White "Caio, Francisco Ferreira"]
[Black "Pinheiro, Davi Sales"]
[Result "0-1"]
[WhiteElo "1702"]
[BlackElo "2022"]
[PlyCount "56"]
[EventDate "2014.10.30"]
[EventType "swiss"]
[EventRounds "7"]
[EventCountry "BRA"]
[SourceTitle "EXT 2015"]
[Source "ChessBase"]
[SourceDate "2014.11.20"]
[SourceVersion "1"]
[SourceVersionDate "2014.11.20"]
[SourceQuality "1"]

1. e4 c5 2. Nf3 d6 3. d4 cxd4 4. Nxd4 Nf6 5. Nc3 a6 6. Bd3 e6 7. 0-0 Be7 8. Re1 Nbd7 9. a3 0-0 10. b4 Qc7 11. Bb2 b5 12. Qe2 Bb7 13. Nd1 Nb6 14. f3 Nfd7 15. Nb3 Rac8 16. Rc1 d5 17. exd5 Nxd5 18. g3 N5b6 19. Ne3 Na4 20. Ba1 Nc3 21. Qf2 Ne5 22. Nd2 Rfd8 23. Bxc3 Qxc3 24. Ne4 Qxa3 25. Bf1 Bxb4 26. c3 Bxe4 27. fxe4 Bc5 28. Kg2 Ng4 0-1

[Event "Potiguar-ch"]
[Site "Natal"]
[Date "2014.08.22"]
[Round "6"]
[White "Da Silva, Tales Gomes"]
[Black "Pinheiro, Davi Sales"]
[Result "1-0"]
[WhiteElo "1845"]
[BlackElo "1988"]
[PlyCount "55"]
[EventDate "2014.08.15"]
[EventType "swiss"]
[EventRounds "9"]
[EventCountry "BRA"]
[SourceTitle "CBM 162 Extra"]
[Source "ChessBase"]
[SourceDate "2014.10.17"]
[SourceVersion "1"]
[SourceVersionDate "2014.10.17"]
[SourceQuality "1"]

1. d4 Nf6 2. c4 e6 3. Nf3 b6 4. e3 Bb7 5. Be2 Be7 6. Nc3 0-0 7. 0-0 d5 8. Bd2 c5 9. a3 Nbd7 10. Bd3 Ne4 11. Be1 Rc8 12. Rc1 f5 13. cxd5 exd5 14. Bb5 Ndf6 15. dxc5 bxc5 16. Qa4 Qb6 17. Be2 Rfd8 18. Nxe4 dxe4 19. Ba5 Qxb2 20. Bc4+ Bd5 21. Rb1 Qxb1 22. Rxb1 exf3 23. Bxd8 Rxd8 24. Bxd5+ Nxd5 25. Qxa7 Kf8 26. Rb8 Ke8 27. Rxd8+ Kxd8 28. Qa8+ 1-0

[Event "Joao Pessoa-ch"]
[Site "Joao Pessoa"]
[Date "2014.08.02"]
[Round "4"]
[White "Carvalho, Herbert Abreu"]
[Black "Pinheiro, Davi Sales"]
[Result "1-0"]
[WhiteElo "2195"]
[BlackElo "1988"]
[PlyCount "35"]
[EventDate "2014.08.01"]
[EventType "swiss"]
[EventRounds "6"]
[EventCountry "BRA"]
[SourceTitle "CBM 161 Extra"]
[Source "ChessBase"]
[SourceDate "2014.08.29"]
[SourceVersion "1"]
[SourceVersionDate "2014.08.29"]
[SourceQuality "1"]

1. d4 Nf6 2. Nf3 e6 3. g3 d5 4. c4 c6 5. Nbd2 Bd6 6. Bg2 b6 7. 0-0 0-0 8. Qc2 Ba6 9. b3 Nbd7 10. e4 dxe4 11. Nxe4 Nxe4 12. Qxe4 Bb7 13. Bb2 Qe7 14. Rad1 a5 15. a4 Nf6 16. Qc2 c5 17. dxc5 Bxc5 18. Ng5 1-0

[Event "Joao Pessoa-ch"]
[Site "Joao Pessoa"]
[Date "2014.08.01"]
[Round "1"]
[White "Pinheiro, Davi Sales"]
[Black "Barros, Ubirajara Barbosa"]
[Result "1-0"]
[WhiteElo "1988"]
[BlackElo "1531"]
[PlyCount "47"]
[EventDate "2014.08.01"]
[EventType "swiss"]
[EventRounds "6"]
[EventCountry "BRA"]
[SourceTitle "CBM 161 Extra"]
[Source "ChessBase"]
[SourceDate "2014.08.29"]
[SourceVersion "1"]
[SourceVersionDate "2014.08.29"]
[SourceQuality "1"]

1. d4 Nf6 2. c4 g6 3. Nc3 Bg7 4. Nf3 d6 5. Bf4 0-0 6. e3 Nbd7 7. Be2 c5 8. d5 e5 9. dxe6 Nb6 10. Bxd6 Bxe6 11. Bxf8 Qxf8 12. Qb3 Qe7 13. 0-0 Ng4 14. Rfd1 h5 15. a4 h4 16. a5 Nc8 17. h3 Nh6 18. Nd5 Bxd5 19. Rxd5 Nf5 20. Rad1 Ncd6 21. Rxc5 Ne4 22. Rcd5 Nc5 23. Qb5 Nd3 24. R5xd3 1-0

[Event "Natal Potiguar op 4th"]
[Site "Natal"]
[Date "2014.07.27"]
[Round "4"]
[White "Pinheiro, Davi Sales"]
[Black "Lemos, Doriedson"]
[Result "1-0"]
[WhiteElo "1988"]
[BlackElo "2024"]
[PlyCount "63"]
[EventDate "2014.07.25"]
[EventType "swiss"]
[EventRounds "5"]
[EventCountry "BRA"]
[SourceTitle "EXT 2015"]
[Source "ChessBase"]
[SourceDate "2014.11.20"]
[SourceVersion "1"]
[SourceVersionDate "2014.11.20"]
[SourceQuality "1"]

1. d4 Nf6 2. c4 e6 3. Nc3 Bb4 4. Qc2 0-0 5. a3 Bxc3+ 6. Qxc3 d5 7. Bg5 dxc4 8. Qxc4 b6 9. Nf3 Ba6 10. Qa4 c5 11. dxc5 bxc5 12. Rc1 Qb6 13. Bxf6 gxf6 14. Qc2 Nd7 15. e3 Rab8 16. Bd3 Bxd3 17. Qxd3 Qxb2 18. 0-0 Ne5 19. Nxe5 Qxe5 20. Rc4 f5 21. Rfc1 Rfd8 22. Qe2 Rb2 23. Qh5 Rdd2 24. Rg4+ Kf8 25. Qh6+ Ke7 26. Rg8 Rbc2 27. Qf8+ Kf6 28. Rf1 Rd5 29. Rg7 Qc7 30. Rxh7 Rd7 31. f4 Rxg2+ 32. Kxg2 1-0

[Event "Natal Potiguar op 4th"]
[Site "Natal"]
[Date "2014.07.26"]
[Round "3"]
[White "Da Silva Tomaz, Luiz Antonio"]
[Black "Pinheiro, Davi Sales"]
[Result "0-1"]
[WhiteElo "1930"]
[BlackElo "1988"]
[PlyCount "76"]
[EventDate "2014.07.25"]
[EventType "swiss"]
[EventRounds "5"]
[EventCountry "BRA"]
[SourceTitle "EXT 2015"]
[Source "ChessBase"]
[SourceDate "2014.11.20"]
[SourceVersion "1"]
[SourceVersionDate "2014.11.20"]
[SourceQuality "1"]

1. d4 Nf6 2. Nc3 d6 3. g3 Nbd7 4. e4 e5 5. Nge2 g6 6. Bg2 Bg7 7. h3 0-0 8. Bg5 c6 9. Qd2 Re8 10. d5 c5 11. 0-0 Qb6 12. a4 a6 13. a5 Qc7 14. Na4 b5 15. axb6 Nxb6 16. Nc1 Bd7 17. Nxb6 Qxb6 18. Nb3 Bb5 19. Rfe1 Nd7 20. Na5 c4 21. Be3 Qc7 22. Qc3 Rac8 23. h4 f5 24. f3 f4 25. Bf2 fxg3 26. Bxg3 Rf8 27. Bh3 Rf6 28. Rf1 Bh6 29. f4 Rcf8 30. Be6+ Kg7 31. f5 Nc5 32. Rae1 Nxe6 33. fxe6 Rxf1+ 34. Rxf1 Rxf1+ 35. Kxf1 Bd2 36. Qf3 c3+ 37. Kg2 cxb2 38. Qb3 Qc3 0-1

[Event "Natal Potiguar op 4th"]
[Site "Natal"]
[Date "2014.07.26"]
[Round "2"]
[White "Pinheiro, Davi Sales"]
[Black "Da Silva, Joseph W Bruno Rada"]
[Result "1-0"]
[WhiteElo "1988"]
[BlackElo "1732"]
[PlyCount "121"]
[EventDate "2014.07.25"]
[EventType "swiss"]
[EventRounds "5"]
[EventCountry "BRA"]
[SourceTitle "EXT 2015"]
[Source "ChessBase"]
[SourceDate "2014.11.20"]
[SourceVersion "1"]
[SourceVersionDate "2014.11.20"]
[SourceQuality "1"]

1. d4 Nf6 2. c4 g6 3. Nc3 Bg7 4. Nf3 0-0 5. Bf4 d6 6. e3 Bf5 7. Qb3 Nbd7 8. Nh4 Nb6 9. Nxf5 gxf5 10. Bd3 e5 11. Bg5 e4 12. Be2 c6 13. c5 dxc5 14. dxc5 Nbd5 15. Rd1 Qa5 16. Qc4 Nxc3 17. Qxc3 Qxc3+ 18. bxc3 Nd5 19. c4 Bc3+ 20. Kf1 Nf6 21. Rd6 Kg7 22. f4 Rad8 23. Kf2 Rxd6 24. cxd6 Rd8 25. Rd1 Rd7 26. c5 Ba5 27. Rc1 Nd5 28. Rc2 Nb4 29. Rc3 Nd3+ 30. Rxd3 exd3 31. Bxd3 Kg6 32. g4 Kg7 33. Bxf5 Rd8 34. Bxd8 Bxd8 35. Bd7 Ba5 36. Kf3 Bb4 37. Bc8 Bxc5 38. d7 Bb6 39. Bxb7 c5 40. Ba6 Kf6 41. Ke4 Ke6 42. Bb5 f6 43. h4 h6 44. h5 Bd8 45. a4 Be7 46. Kd3 Kd6 47. a5 Bd8 48. a6 Be7 49. Kc4 Bd8 50. e4 Be7 51. e5+ fxe5 52. g5 exf4 53. g6 Ke6 54. g7 Kf7 55. Kd5 Kxg7 56. Kc6 Bd8 57. Kb7 Bb6 58. Kc8 Kf6 59. d8Q+ Bxd8 60. Kxd8 Kg5 61. Be2 1-0